| 000 | 00699cam a2200253 4500 | ||
|---|---|---|---|
| 001 | B2635 | ||
| 008 | 090401t1989 xxu||||| |||| 00| 0 eng d | ||
| 035 | _a(Sirsi) u51250 | ||
| 041 | _aeng | ||
| 050 | _a333.33709421 | ||
| 110 |
_aCentre for Construction Market Information _93129 |
||
| 245 | _aOffice construction in central London 1987-1989. | ||
| 260 |
_aLondon _bCentre for Construction Market Information _c1989 |
||
| 300 | _a144p. ; 30cm. | ||
| 350 | _a120 | ||
| 650 | _aCCMI | ||
| 650 | _aDEVELOPMENT | ||
| 650 | _aOFFICES | ||
| 650 | _aPROPERTY DEVELOPERS | ||
| 690 | _aBUILT ENVIRONMENT | ||
| 710 |
_aApplied Property Research Ltd _93130 |
||
| 942 | _n0 | ||
| 948 | _c04/03/1997 | ||
| 999 |
_c92847 _d92847 |
||